| 000 | 01444cam a2200337 i 4500 | ||
|---|---|---|---|
| 003 | SA-RiAUC | ||
| 005 | 20250722063932.0 | ||
| 008 | 250721s1999 su a g b 011r0 ara c | ||
| 020 | _a9960693503 | ||
| 040 |
_aSA-JeALM _bara _cSA-RiAUC _erda |
||
| 041 | 0 |
_aara _hund |
|
| 043 | _aa-su--- | ||
| 050 | 4 | _b.L57 1999 | |
| 082 | 0 | 4 |
_a915.3 _qSA-RiAUC |
| 090 |
_a915.3 _bل ي ب |
||
| 100 | 1 |
_aليبنز، فيليب، _d1910-1989 _eمؤلف. |
|
| 245 | 1 | 0 |
_aرحلة استكشافية في وسط الجزيرة العربية / _cفيليب ليبنز ؛ ترجمة محمد محمد الحناش ؛ راجعها وعلق عليها فهد بن عبد الله السماري. |
| 264 | 1 |
_aالرياض : _bدارة الملك عبد العزيز، _c1999 |
|
| 300 |
_a276 صفحة : _bمصور ؛ _c25 سم. |
||
| 336 |
_aنص _btxt _2rdacontent _3كتاب |
||
| 337 |
_aبدون وسيط _bn _2rdamedia |
||
| 338 |
_aمجلد _bnc _2rdacarrier |
||
| 490 | 0 | _aمكتبة الدارة المئوية | |
| 504 | _aببليوجرافية : صفحة 70-109. | ||
| 651 | 7 |
_aالسعودية _xجغرافيا _2aucsh |
|
| 651 | 7 |
_aالسعودية _xوصف ورحلات _2aucsh |
|
| 700 | 1 |
_aالحناش، محمد محمد أحمد _eمترجم. |
|
| 700 | 1 |
_aالسماري، فهد بن عبد الله بن عبد العزيز، _d1377 هجري- _eمراجع. |
|
| 942 |
_2ddc _cBOOK _n0 |
||
| 949 |
_aSA-JeALM _d250721 _uosman123 _n1 |
||
| 999 |
_c10177 _d10177 |
||